ARRUPE JESUIT UNIVERSITY

CORONAVIRUS -STOP THE SPREAD - CLEAN,DISINFECT,COVER

Principles of mathematical logic, (Record no. 125190)

MARC details
000 -LEADER
fixed length control field 01223cam a22003011 4500
001 - CONTROL NUMBER
control field 6957491
003 - CONTROL NUMBER IDENTIFIER
control field ARRUPE
005 - DATE AND TIME OF LATEST TRANSACTION
control field 20160909104253.0
008 - FIXED-LENGTH DATA ELEMENTS--GENERAL INFORMATION
fixed length control field 720803s1950 nyu b 000 0 eng
010 ## - LIBRARY OF CONGRESS CONTROL NUMBER
LC control number 50004784
035 ## - SYSTEM CONTROL NUMBER
System control number (OCoLC)372927
040 ## - CATALOGING SOURCE
Original cataloging agency DLC
Transcribing agency ODaWU
Modifying agency OCoLC
-- DLC
041 1# - LANGUAGE CODE
Language code of text/sound track or separate title engger
042 ## - AUTHENTICATION CODE
Authentication code premarc
050 00 - LIBRARY OF CONGRESS CALL NUMBER
Classification number BC135
Item number .H514
082 ## - DEWEY DECIMAL CLASSIFICATION NUMBER
Classification number 164
300 ## - PHYSICAL DESCRIPTION
Dimensions 24 cm.
100 1# - MAIN ENTRY--PERSONAL NAME
Personal name Hilbert, David,
Dates associated with a name 1862-1943.
9 (RLIN) 25608
245 10 - TITLE STATEMENT
Title Principles of mathematical logic,
Statement of responsibility, etc by D. Hilbert and W. Ackermann; translated from the German by Lewis M. Hammond, George G. Leckie [and] F. Steinhardt. Edited and with notes by Robert E. Luce.
260 ## - PUBLICATION, DISTRIBUTION, ETC. (IMPRINT)
Place of publication, distribution, etc New York,
Name of publisher, distributor, etc Chelsea Pub. Co.,
Date of publication, distribution, etc 1950.
300 ## - PHYSICAL DESCRIPTION
Extent xii, 172 p.
500 ## - GENERAL NOTE
General note "Published and distributed in the public interest by authority of the Attorney General under licence no. A-1428."
500 ## - GENERAL NOTE
General note Translation of the 2d ed. of the authors' Grundzüge der theoretischen Logik, published in 1938."
504 ## - BIBLIOGRAPHY, ETC. NOTE
Bibliography, etc Bibliography: p. 169-170.
650 #0 - SUBJECT ADDED ENTRY--TOPICAL TERM
Topical term or geographic name as entry element Logic, Symbolic and mathematical.
9 (RLIN) 25609
700 1# - ADDED ENTRY--PERSONAL NAME
Personal name Ackermann, W.
Fuller form of name (Wilhelm),
Dates associated with a name 1896-
Relator term joint author.
9 (RLIN) 25610
906 ## - LOCAL DATA ELEMENT F, LDF (RLIN)
a 7
b cbc
c oclcrpl
d u
e ncip
f 19
g y-gencatlg
942 ## - ADDED ENTRY ELEMENTS (KOHA)
Source of classification or shelving scheme Library of Congress Classification
Koha item type Monograph ( Printed materials)
Holdings
Withdrawn status Lost status Source of classification or shelving scheme Damaged status Not for loan Home library Current library Date acquired Total Checkouts Full call number Barcode Date last seen Price effective from Koha item type
    Library of Congress Classification     ARRUPE LIBRARY ARRUPE LIBRARY 09/09/2016   BC135 .H514 46004004613 09/09/2016 09/09/2016 Monograph ( Printed materials)

 

Arrupe Library. PO Box MP320 Mt Pleasant, Harare, Zimbabwe
263 242 745411|librarian@aju.ac.zw